000 02739nam0a2200433 4500
001 RU\NLR\BIBL_A\012711183
005 20220516130416.0
010 _a978-5-9690-0629-4
_9500
021 _aRU
_bКН-П-21-074537
_9КН-П-21-5934
035 _a(NLR Aleph) 012711183
035 _a(RuMoRGB)010853345
090 _a12910629
_c12910629
100 _a20220218d2019 k y0rusy50 ca
101 0 _arus
_aeng
102 _aRU
105 _aa z 000zy
181 0 _ai3
_baxxe
182 0 _an
200 1 _aНаучные основы селекции озимой ржи
_dScientific bases of winter rye breeding
_eмонография
_fПономарева Мира Леонидовна, Пономарев Сергей Николаевич
_gФедеральное государственное бюджетное учреждение науки "Федеральный исследовательский центр "Казанский научный центр Российской академии наук", Татарский научно-исследовательский институт сельского хозяйства
_zeng
203 _aТекст
_bвизуальный
_cнепосредственный
210 _aКазань
_cИзд-во ФЭН
_d2019
215 _a351 с.
_cцв. ил., табл.
_d25
300 _aАвт. также на англ. яз.: Ponomareva Mira Leonidovna, Ponomarev Sergey Nikolaevich
300 _aНа 4-й с. обл. авт.: Пономарева М. Л. - д-р биол. наук, проф., заслуж. работник сел. хоз-ва Респ. Татарстан, Пономарев С. Н. - д-р с.-х. наук, лауреат Гос. премии РТ в обл. науки и техники
300 _aЧасть текста парал. рус., англ.
320 _aБиблиогр.: с. 299-349 (1119 назв.)
510 1 _6z20790
_aScientific bases of winter rye breeding
_zeng
606 1 _aОзимая рожь
_xСелекция
_2nlr_sh1
_2nlr_sh2
_3RU\NLR\AUTH\66798118
686 1 _aП212.4-31
700 1 _aПономарева
_bМ. Л.
_cд-р биол. наук
_f1959-
_gМира Леонидовна
_3RU\NLR\AUTH\770242282
701 1 _aПономарев
_bС. Н.
_cд-р с.-х. наук
_gСергей Николаевич
_3RU\NLR\AUTH\770242287
790 1 _6z20
_aPonomareva
_bM. L.
_cд-р биол. наук
_f1959-
_gMira Leonidovna
_3RU\NLR\AUTH\770242284
790 1 _6z20
_6z20510
_aPonomarev
_bS. N.
_cд-р с.-х. наук
_gSergej Nikolaevič
_3RU\NLR\AUTH\770242288
942 _cBOOK
980 _aNBR
980 _aNB